Fundamentals of Statistical Signal Processing. (Record no. 15174)
[ view plain ]
| 000 -LEADER | |
|---|---|
| fixed length control field | 01238cam a2200301 a 4500 |
| 001 - CONTROL NUMBER | |
| control field | 1088480 |
| 005 - DATE AND TIME OF LATEST TRANSACTION | |
| control field | 20020703110716.0 |
| 008 - FIXED-LENGTH DATA ELEMENTS--GENERAL INFORMATION | |
| fixed length control field | 920812s1998njua |rb 001 0 eng |
| 010 ## - LIBRARY OF CONGRESS CONTROL NUMBER | |
| LC control number | 92029495 |
| 020 ## - INTERNATIONAL STANDARD BOOK NUMBER | |
| International Standard Book Number | 013504135X (v. 2) |
| 020 ## - INTERNATIONAL STANDARD BOOK NUMBER | |
| International Standard Book Number | 9780135041352 (v. 2) |
| 040 ## - CATALOGING SOURCE | |
| Original cataloging agency | DLC |
| Transcribing agency | DLC |
| Modifying agency | DLC |
| 050 00 - LIBRARY OF CONGRESS CALL NUMBER | |
| Classification number | TK5102.5 |
| Item number | .K379 1993 |
| 082 00 - DEWEY DECIMAL CLASSIFICATION NUMBER | |
| Classification number | 621.3822 |
| Edition number | 22 |
| Item number | KAY |
| 100 1# - MAIN ENTRY--PERSONAL NAME | |
| Personal name | Kay, Steven M., |
| Dates associated with a name | 1951- |
| 9 (RLIN) | 23314 |
| 245 10 - TITLE STATEMENT | |
| Title | Fundamentals of Statistical Signal Processing. |
| Statement of responsibility, etc | Steven M. Kay. |
| Number of part/section of a work | V.2. |
| Name of part/section of a work | Detection Theory / |
| 260 ## - PUBLICATION, DISTRIBUTION, ETC. (IMPRINT) | |
| Place of publication, distribution, etc | Englewood Cliffs, N.J. : |
| Name of publisher, distributor, etc | Prentice-Hall PTR, 1998 |
| Date of publication, distribution, etc | 1998 |
| 300 ## - PHYSICAL DESCRIPTION | |
| Extent | 560 p. : |
| Other physical details | ill. ; |
| Dimensions | 25 cm. |
| 490 ## - Series Statement | |
| -- | 23313 |
| Series statement | Prentice Hall Signal Processing Series |
| 504 ## - BIBLIOGRAPHY, ETC. NOTE | |
| Bibliography, etc | Includes bibliographical references and index. |
| 505 0# - FORMATTED CONTENTS NOTE | |
| Formatted contents note | v. 1. Estimation theory -- v. 2. Detection theory. |
| 650 #0 - SUBJECT ADDED ENTRY--TOPICAL TERM | |
| Topical term or geographic name as entry element | Signal detection |
| General subdivision | Statistical methods. |
| 9 (RLIN) | 23315 |
| 650 #0 - SUBJECT ADDED ENTRY--TOPICAL TERM | |
| Topical term or geographic name as entry element | Estimation theory. |
| 9 (RLIN) | 23316 |
| 653 ## - INDEX TERM--UNCONTROLLED | |
| Resource For college | |
| Arrived date list | April2011 |
| 942 ## - ADDED ENTRY ELEMENTS (KOHA) | |
| Source of classification or shelving scheme | Dewey Decimal Classification |
| Item type | Book - Borrowing |
| Withdrawn status | Item status | Source of classification or shelving scheme | Damaged status | Not for loan | Vendor | Home library | Current library | Shelving location | Date acquired | Source of acquisition | Cost, normal purchase price | Serial Enumeration / chronology | Total Checkouts | Full call number | Barcode | Date last seen | Koha item type |
|---|---|---|---|---|---|---|---|---|---|---|---|---|---|---|---|---|---|
| Dewey Decimal Classification | Baccah | Central Library | Central Library | First floor | 27/04/2011 | 576.00 | 12158 | 621.3822 KAY | 000023390 | 15/07/2025 | Book - Borrowing |